01519nam a2200241Ia 4500001000600000003000900006008004100015040001300056040001300069041001300082100001700095100002900112245006300141245006200204250001100266260001000277260001400287260004900301300005700350500082100407650001801228650003101246C5725IT-RoPAU130308s9999 xx 000 0 und d aIT-RoPAU cIT-RoPAU aFRANCESE aDebray Regis gCodice Aut. SPICS: 4417 aVie et mort de l'image-Une histoire du regard en occident bVie et Mort de L'Image-Une Histoire Du regard En Occident a1a ed. aPARIS bGallimard c1993 [1° Ed.:1993 - Ed.Ling.Originale:1993] a"416 p. (prefazione: no ; testo: 416 [pagine: 0-0])" aVita e Morte dell'Immagine: una Storia Dello Sguardo in Occidente. Genesi delle Immagini: Nascita Dalla Morte, immagine Prima dell'Idea, Stadio Dellospecchio, miseria magica , Eterno Ritorno. Trasmissione Simbolica: Rivalità tra Parola e Immagine, visibile Illeggibile, Trasmissione e Trascendenza,Fatale Autonomia dell'arte . Genio del Cristianesimo: Interdetto Scritturistico, Monoteismo Dissidente, matrice dell'Incarnazione, tentazione del Potere, Rivoluzione della Credenza. Verso un materialismo Religioso. Mito dell'arte : Spirale senza Fine della Storia, Anatomia di un Fantasma: L'Arte Antica, Geografia dell'arte , tre Età Dello Sguardo, una Religione Disperata. Dopo Lo Spettacolo: Cronaca di un Cataclisma, Paradossi della Videosfera, Dialettica della Televisione Pura. Dodici Tesi sull'ordine Nuovo. aEPISTEMOLOGIA eCodice materia Spics: 3051